000 00390nam a2200145Ia 4500
008 130318s9999 xx 000 0 und d
020 _a9788131758953
082 _a005.12028 LEV/I
100 _aLevitin, Anany
245 _aIntroduction to the design analysis of algorithms
250 _a2
260 _bPearson Education
_aNew Delhi
_c2011
300 _a524
650 _aCOMPUTER ALGORITHMS
999 _c1777
_d1777